PROCEEDINGS OF THE INTERNATIONAL CONFERENCE ON RECENT ADVANCES IN ARTIFICIAL INTELLIGENCE FOR SUSTAINABLE DEVELOPMENT [ RAISD 2025] ADVANCES IN INTELLIGENT SYSTEMS RESEARCH [ VOL-196] (Record no. 8781)

MARC details
000 -LEADER
fixed length control field 00611nam a22001577a 4500
005 - DATE AND TIME OF LATEST TRANSACTION
control field 20250828124058.0
008 - FIXED-LENGTH DATA ELEMENTS--GENERAL INFORMATION
fixed length control field 250828b |||||||| |||| 00| 0 eng d
020 ## - INTERNATIONAL STANDARD BOOK NUMBER
ISBN 978-94-6463-786-1
041 ## - LANGUAGE CODE
Language code of text/sound track or separate title eng
082 ## - DEWEY DECIMAL CLASSIFICATION NUMBER
Classification number 338.927
100 ## - MAIN ENTRY--AUTHOR NAME
Personal name RANJAN, PIYUSH. PANDEY, SUMIT KUMAR . DUTTA, KAILASH PATI AND ALAM, DR. IRFAN
245 ## - TITLE STATEMENT
Title PROCEEDINGS OF THE INTERNATIONAL CONFERENCE ON RECENT ADVANCES IN ARTIFICIAL INTELLIGENCE FOR SUSTAINABLE DEVELOPMENT [ RAISD 2025] ADVANCES IN INTELLIGENT SYSTEMS RESEARCH [ VOL-196]
Remainder of title
260 ## - PUBLICATION, DISTRIBUTION, ETC. (IMPRINT)
Name of publisher ATLANTIS PRESS [ OPEN ACCESS]
Year of publication 2025
300 ## - PHYSICAL DESCRIPTION
Number of Pages 735;P
942 ## - ADDED ENTRY ELEMENTS (KOHA)
Koha item type Books
Holdings
Lost status Damaged status Collection code Home library Current library Date acquired Full call number Accession Number Koha item type
    BHARTIYA GYAN PARAMPARA JRU Library JRU Library 28/08/2025 338.927 28765 Books